Groupes de musique de A à Z en images - Statistiques

Statistiques générales
  • Ce quiz a été pris 2 833 fois
    2 350 depuis la dernière actualisation
  • Le résultat moyen est 10 sur 26
Statistiques - réponses
Par images Hint Réponse % Correct
D Daft Punk
97%
Q Queen
90%
B BTS
84%
J Jackson Five
83%
A AC/DC
74%
I Indochine
73%
K Kiss
73%
U U2
70%
M Maneskin
63%
O Oasis
52%
W The {Who}
39%
E Evanescence
33%
R Red Hot Chili Peppers
32%
G Guns N' Roses
30%
P Pink Floyd
25%
Z Zebda
24%
N Niagara
20%
F Fall Out Boy
12%
L Lordi
7%
T Trust
7%
H Hoobastank
5%
V VIXX
3%
C Celkilt
2%
S Sidilarsen
1%
X X Japan
1%
Y Yuzu
0%
Aucun quiz correspondant
Distribution des résultats
% des personnes avec chaque résultat
Percentile par nombre de réponses
Votre historique - résultats
Vous n’avez pas pris ce quiz depuis la dernière actualisation